<?xml version="1.0" encoding="UTF-8"?>
<record
    xmlns:xsi="http://www.w3.org/2001/XMLSchema-instance"
    xsi:schemaLocation="http://www.loc.gov/MARC21/slim http://www.loc.gov/standards/marcxml/schema/MARC21slim.xsd"
    xmlns="http://www.loc.gov/MARC21/slim">

  <leader>00251nam a2200097Ia 4500</leader>
  <controlfield tag="008">220603s9999    xx            000 0 und d</controlfield>
  <datafield tag="245" ind1=" " ind2=" ">
    <subfield code="a">Calculating Drug Dosages</subfield>
  </datafield>
  <datafield tag="260" ind1=" " ind2=" ">
    <subfield code="a">New Delhi</subfield>
    <subfield code="b">Jaypee Brothers</subfield>
    <subfield code="c">2009</subfield>
  </datafield>
  <datafield tag="365" ind1=" " ind2=" ">
    <subfield code="b">Rs.</subfield>
  </datafield>
  <datafield tag="999" ind1=" " ind2=" ">
    <subfield code="c">57180</subfield>
    <subfield code="d">57180</subfield>
  </datafield>
  <datafield tag="952" ind1=" " ind2=" ">
    <subfield code="0">0</subfield>
    <subfield code="1">0</subfield>
    <subfield code="4">0</subfield>
    <subfield code="7">0</subfield>
    <subfield code="a">BTIN</subfield>
    <subfield code="b">BTIN</subfield>
    <subfield code="d">1901-01-01</subfield>
    <subfield code="e">Jaypee Brothers Medical Publishers</subfield>
    <subfield code="i">4075</subfield>
    <subfield code="l">0</subfield>
    <subfield code="p">BTIN-CD-298</subfield>
    <subfield code="r">2022-08-10 00:00:00</subfield>
    <subfield code="w">2012-12-31</subfield>
    <subfield code="y">CD</subfield>
    <subfield code="z">CD000298</subfield>
  </datafield>
</record>
